| 000 | 01320nam a22002777a 4500 | ||
|---|---|---|---|
| 005 | 20090609123036.0 | ||
| 008 | 090609t xxu||||| |||| 00| 0 hin d | ||
| 010 | _aHIN-86857 | ||
| 020 |
_a9788190205191 _c275.00 |
||
| 035 | _aHN-59203 | ||
| 037 | _bDBAD / PUB | ||
| 040 |
_adpl _bhn |
||
| 082 | _a342.954 | ||
| 100 | _aवर्मा, नरेन्द्र कुमार | ||
| 245 |
_aचुनाव-प्रबंधन / _cनरेन्द्र कुमार वर्मा |
||
| 246 |
_aChunaava-prabandana _bby Narender Kumar Varma |
||
| 260 |
_aदिल्ली _bप्रतिमा प्रकाशन _c2008 |
||
| 270 |
_aआर-2/29, रमेश पार्क, लक्ष्मी नगर _bदिल्ली _e110092 |
||
| 300 |
_a144पृ _c22सेमी (सजिल्द) |
||
| 650 |
_aचुनाव देख रेख _zभारत |
||
| 650 |
_aElection monitoring _zIndia |
||
| 650 |
_aलोकतंत्रीकरण _zभारत |
||
| 650 |
_aDemocratization _zIndia |
||
| 942 |
_2ddc _cHN _mवर्मान _h342.954 |
||
| 999 |
_c27333 _d27333 |
||